| 000 | 00642nam a2200205 u 4500 | ||
|---|---|---|---|
| 005 | 20240426063837.0 | ||
| 008 | 190314s1996 r 000 0 eng d | ||
| 020 | _a9682986664 | ||
| 035 | _aUPN01000229648 | ||
| 049 | _aF | ||
| 050 | 4 |
_aF1219.3 W9.4 _bC3.7 |
|
| 100 | 1 |
_aCastillo Hernández, Mario Alberto _943155 |
|
| 245 | 1 | 0 |
_aTalleres para el desarrollo de la escritura en lenguas indígenas / _cMario A. Castillo Hernández. |
| 260 |
_aMéxico : _bSEP, _c1996. |
||
| 300 | _a21 p. | ||
| 650 | 4 |
_aIndígenas de México _xEscritura _927767 |
|
| 650 | 4 |
_aIndígenas de México _xLenguas _913865 |
|
| 905 | _aLibro | ||
| 999 |
_c201743 _d201743 |
||